Entry Konu Terimi
001 - KONTROL NUMARASI
- Kontrol alanı: 36214
003 - KONTROL NUMARASI KİMLİĞİ
- Kontrol alanı: TR-BiSEU
005 - SON İŞLEM TARİHİ VE ZAMANI
- Kontrol alanı: 20260207002035.0
008 - SABİT UZUNLUKTAKİ VERİ ÖGELERİ - GENEL BİLGİ
- Sabit uzunlukta kontrol alanı: 260207|| aca||aabn | a|a d
040 ## - KATALOGLAMA KAYNAĞI
- Özgün kataloglama kurumu: TR-BiSEU
- Çeviri kurumu: TR-BiSEU
150 ## - KONU BAŞLIKLARI - KONU TERİMİ
- Konu terimi: Türkiye--Dış ilişkilerb--Avrupa--Kongreler
670 ## - BİLGİNİN KAYNAĞI
- Bilginin alındığı kaynak: KOHA: (TR-BiSEU)15572: Avrupa Birliği'ne Geçiş Sürecinde Türkiye'nin Siyasal ve Ekonomik Sorunları Sempozyumu (2001 : Denizli) 36210, Avrupa Birliği'ne geçiş sürecinde Türkiye'nin siyasal ve ekonomik sorunları sempozyumu, 13 Nisan 2001, Denizli.
